000 01270nam a2200385 a 4500
001 000014108
003 DO-SdBPM
005 20250910115141.0
007 ta
008 091204s2009 dr 000 p spa d
020 _a9789945427912
040 _aDO-SdBPM
_bspa
_cBPMSU
_drda
049 _a
082 4 _aRD861.44
_bM843c 2009
_222
100 1 _aMoreno Jimenes, Domingo
_d1894-1986
_eautor
245 1 3 _aLa canción del olvido y otros poemas postumistas /
_cselección Plinio Chahín, Basilio Belliard.
260 _bNacional,
_c2009.
264 _aSanto Domingo :
_bEditora Nacional,
_c2009
300 _a99 páginas ;
_c23 cm.
336 _atexto
_btxt
_2rdacontent
337 _asin mediación
_bn
_2rdamedia
338 _avolumen
_bnc
_2rdacarrier
490 0 _aAntología
504 _aBibliografías (páginas 96-99).
590 _aInventariado, 2025/VM
600 1 4 _aMoreno Jimenes, Domingo
_d1894-1986
650 7 _aPoesía dominicana
_xColecciones
650 7 _aLiteratura dominicana.
650 z _aDominican literature
700 1 _aChahín, Plinio,
_d1959-
_eselección
700 1 _aBelliard, Basilio,
_d1966-
_eselección
700 z _aBilliard, Basilio
_d1966-
910 _aVMateo V. Control de calidad. BPMSU
942 _2ddc
_cBK
999 _c15379
_d15379